POPULATION LAW (Record no. 10341)

MARC details
000 -LEADER
fixed length control field 00324nam a22001457a 4500
003 - CONTROL NUMBER IDENTIFIER
control field SGT
020 ## - INTERNATIONAL STANDARD BOOK NUMBER
International Standard Book Number 8176294209
082 ## - DEWEY DECIMAL CLASSIFICATION NUMBER
Classification number 344.480954,TAN
100 ## - MAIN ENTRY--PERSONAL NAME
Personal name TANDON, USHA
245 ## - TITLE STATEMENT
Title POPULATION LAW
260 ## - PUBLICATION, DISTRIBUTION, ETC. (IMPRINT)
Place of publication, distribution, etc NEW DELHI
Name of publisher, distributor, etc DEEP & DEEP PUBLICATIONS
Year of Publication 2003
300 ## - PAGE DESCRIPTION
No. of Pages 470
650 ## - SUBJECT ADDED ENTRY--TOPICAL TERM
Topical term or geographic name as entry element POPULATION LAW
942 ## - ADDED ENTRY ELEMENTS (KOHA)
Source of classification or shelving scheme Dewey Decimal Classification
Koha item type Books
Holdings
Withdrawn status Lost status Source of classification or shelving scheme Damaged status Not for loan Collection code Home library Current library Shelving location Date acquired Vendor Name Cost, normal purchase price SGTU Full call number Accession No. (Barcode) Date last seen Bill Date Koha item type
    Dewey Decimal Classification   Not For Loan LAW SGT Science & Social Sciences Library SGT Science & Social Sciences Library Reference Book 30/12/2016 GIFT 950.00 SGTU 344.480954,TAN FL1025 30/12/2016 30/12/2016 Books